| 000 | 00531nam a2200193Ia 4500 | ||
|---|---|---|---|
| 003 | IN-BaIIA | ||
| 008 | 211028s9999 xx 000 0 eng d | ||
| 040 | _cIIA Library | ||
| 080 |
_a523.9 _bPRI |
||
| 100 |
_aPringsheim, E. _91415 |
||
| 245 | 0 |
_aPhysik der sonne (in German) _cE. Pringsheim |
|
| 260 |
_aLeipzig und Berlin _bB. G. Teubner _c1910 |
||
| 300 | _aviii, 435p. | ||
| 650 | _aAstronomy and astrophysics thesaurus | ||
| 650 |
_aSolar physics _91416 |
||
| 650 | _aSolar system | ||
| 650 |
_aSun _91200 |
||
| 942 | _cBK | ||
| 999 |
_c653 _d653 |
||